000 01758 a2200217 4500
001 22781
005 20260407155517.0
008 260407a1982 arg spa d
003 AR-UNSa-BCEJYS
040 _aAR-UNSa-BCEJYS
_bspa
_cAR-UNSa-BCEJYS
080 _a657
_xContabilidad
245 1 0 _aPrincipios Contables
250 _a3a. ed
264 1 _aBuenos Aires :
_bEl Ateneo
_c1982
300 _a553 p.
_c21 cm.
505 _aParte I: Contabilidad patrimonial :1. Índole y objeto de la contabilidad - 2. Conceptos de contabilidad : el balance general - 3. Conceptos contable básicos: el estado de resultado - 4. Registros y sistemas contables - 5. Ingresos y activos monetarios - 6. Costo de la mercadería vendidas e inventarios - 7. Bienes de uso y amortización - 8. Otros gastos y ganancia netas - 9. Pasivo y patrimonio neto - 10. Adquisiciones de derechos de propiedad y estados consolidados - 11. Estados de flujo de caja y de flujo de fondos - 12. Análisis de estados contables - 13. Comprensión de los estados contables - Parte II: Contabilidad gerencial: 14. La naturaleza de la contabilidad gerencial - 15. Fundamentes esenciales de la contabilidad de costo total - 16. Aspectos adicionales de la contabilidad de costos totales - 17. Análisis de las variaciones en producción - 18. Contabilidad diferencial: el comportamiento de los costos - 19. Decisiones alternativas - 20. Decisiones en inversiones de capital - 21. Contabilidad de responsabilidades: estructura y proceso del control administrativo - 22. Programación y preparación del presupuesto - 23. Análisis e información del desempeño - Apéndice.
942 _cBK
590 _aniveau_biblio:m niveau_hierar:0
100 1 _aAnthony, Robert N.
700 1 _aReece, James S.
999 _c1055
_d1055